[Event "Tirnavia"]
[Site "Trnava"]
[Date "1984.??.??"]
[Round "5"]
[White "Ftacnik, Lubomir"]
[Black "Schmidt, Wlodzimierz"]
[Result "1/2-1/2"]
[WhiteElo "2570"]
[BlackElo "2485"]

1.d4 Nf6 2.c4 g6 3.Nc3 d5 4.cxd5 Nxd5 5.e4 Nxc3 6.bxc3 Bg7 7.Bc4 c5 8.Ne2 Nc6
9.Be3 O-O 10.O-O cxd4 11.cxd4 Bg4 12.f3 Na5 13.Bb5 Bd7 14.Rb1 Bxb5 15.Rxb5 Rc8
16.d5 b6 17.Bd4 Qd7 18.Rb1 Bxd4+ 19.Nxd4 Rc4 20.Rf2 Rfc8 21.Rd2 Qd6 22.g3 a6
23.Kg2 Qc5 24.Nb3 Nxb3 25.axb3 Rc2 26.b4 Qc3 27.Rxc2 Qxc2+ 28.Qxc2 Rxc2+
29.Kg1 g5 30.Ra1 Rb2 31.Rxa6 Rxb4 32.e5 Rd4 33.Ra8+ Kg7 34.Rd8 Rd2 35.d6 exd6
36.exd6 b5 37.Rb8  1/2-1/2

[Event "Valjevo"]
[Site "Valjevo"]
[Date "1984.??.??"]
[Round "3"]
[White "Raicevic, Vladimir"]
[Black "Simic, Radoslav"]
[Result "0-1"]
[WhiteElo "2395"]
[BlackElo "2470"]

1.d4 Nf6 2.c4 g6 3.Nc3 d5 4.cxd5 Nxd5 5.e4 Nxc3 6.bxc3 Bg7 7.Nf3 c5 8.Be3 Qa5
9.Qd2 Nc6 10.Rb1 a6 11.Rc1 cxd4 12.cxd4 Qxd2+ 13.Kxd2 f5 14.d5 Nb4 15.Bc4 fxe4
16.Ng5 Bf5 17.Bb6 Bb2 18.Rce1 Rc8 19.Nxe4 O-O 20.Bb3 Kg7 21.f3 Be5 22.g3 a5
23.f4 a4 24.a3 axb3 25.axb4 b2 26.fxe5 b1=Q 27.Rxb1 Bxe4 28.Ke3 Bxh1 29.Rxh1 Rc4
30.Bc5 Ra8 31.Kd3 b5 32.Rf1 Ra3+ 33.Kd2 Ra2+ 34.Kd3 Ra3+ 35.Kd2 Rcc3 36.Bxe7 Rd3+
37.Kc2 Rxd5 38.e6 Rf5 39.Rxf5 gxf5 40.Bc5 Kf6 41.e7 Kf7 42.Kd2 Ra2+ 43.Ke3 Rxh2
44.Kf4 Rh5 45.Bd6 Rh6 46.Ke5 Ke8 47.Kd5 Rg6 48.Kc5 h5 49.Bb8 Rg5 50.Bf4 Rg4
51.Be5 Kxe7 52.Kxb5 h4 53.gxh4 f4 54.Bd4 f3 55.Bc5+ Kd7 56.h5 Rg5 57.h6 f2  0-1

[Event "URS-ch sf"]
[Site "Aktjubinsk"]
[Date "1985.??.??"]
[Round "?"]
[White "Rashkovsky, Nukhim N"]
[Black "Yermolinsky, Alex"]
[Result "1/2-1/2"]
[WhiteElo "2410"]
[BlackElo "2465"]

1.d4 Nf6 2.c4 g6 3.Nc3 d5 4.cxd5 Nxd5 5.e4 Nxc3 6.bxc3 Bg7 7.Bc4 O-O 8.Ne2 Nc6
9.O-O e5 10.d5 Na5 11.Bd3 c6 12.c4 b5 13.cxb5 cxd5 14.Ba3 Re8 15.Nc3 Bb7
16.Bb4 Nc4 17.Qe2 Nb6 18.a4 f5 19.Rad1 Qh4 20.g3 Qh3 21.a5 d4 22.axb6 dxc3
23.Bc4+ Kh8 24.Rd7 Bxe4 25.f3 f4 26.Rxg7 Kxg7 27.fxe4 axb6 28.gxf4 exf4 29.Qd3 Qxd3
30.Bxd3 Rac8 31.Rc1 Red8 32.Rxc3 Rxc3 33.Bxc3+ Kh6 34.Be2 f3 35.Bf1 Kg5 36.Be5 Re8
37.Bc7 Rxe4 38.Bxb6 Kf4 39.Bc7+ Ke3 40.Bb6+ Kf4 41.Kf2 Rb4 42.Bc7+ Ke4 43.b6 Rb2+
44.Kg3 Ke3 45.Bd6 f2 46.Bf4+ Kd4 47.Kf3 Kc5 48.Be3+ Kc6 49.Bd3 Rxb6 50.Be4+ Kd7
51.Bxf2 Rf6+ 52.Kg3 Rxf2 53.Kxf2 Ke6 54.Kf3 Kf6 55.Kf4 g5+ 56.Kg4 h5+ 57.Kxh5 Kg7
58.Bc2  1/2-1/2

[Event "URS-ch sf"]
[Site "Aktjubinsk"]
[Date "1985.??.??"]
[Round "?"]
[White "Dokhoian, Yury"]
[Black "Kozlov, Vladimir N"]
[Result "1/2-1/2"]
[WhiteElo "2240"]
[BlackElo "2415"]

1.d4 Nf6 2.c4 g6 3.Nc3 d5 4.cxd5 Nxd5 5.e4 Nxc3 6.bxc3 Bg7 7.Bc4 c5 8.Ne2 Nc6
9.Be3 O-O 10.O-O Bg4 11.f3 Na5 12.Bd3 cxd4 13.cxd4 Be6 14.Rc1 Bxa2 15.Qa4 Be6
16.d5 Bd7 17.Qb4 b5 18.Nd4 a6 19.Rfd1 Be5 20.f4 Bd6 21.Qb2 f6 22.Qa2 Kh8
23.h3 Rc8 24.Nf3 Rxc1 25.Rxc1 Bc7 26.Kh1 Bb6 27.Bxb6 Qxb6 28.Ra1 Nb7 29.Qxa6 Qxa6
30.Rxa6 Nc5 31.Ra7 Rb8 32.Nd4 b4 33.Bc2 Kg7 34.Kg1 Kf8 35.Kf2 Ke8 36.Ra5 Rc8
37.Nc6 Nb7 38.Rb5 Nd8  1/2-1/2

[Event "Albena"]
[Site "Albena"]
[Date "1985.??.??"]
[Round "?"]
[White "Lukacs, Peter"]
[Black "Kirov, Nino"]
[Result "1/2-1/2"]
[WhiteElo "2465"]
[BlackElo "2475"]

1.d4 Nf6 2.c4 g6 3.Nc3 d5 4.cxd5 Nxd5 5.e4 Nxc3 6.bxc3 Bg7 7.Bc4 c5 8.Ne2 O-O
9.O-O Nc6 10.Be3 cxd4 11.cxd4 Na5 12.Bd3 Nc6 13.Bb5 Bd7 14.Rb1 e6 15.Qd2 a6
16.Bd3 Qa5 17.Qb2 e5 18.h4 Rfd8 19.h5 Be8  1/2-1/2

[Event "Albena"]
[Site "Albena"]
[Date "1985.??.??"]
[Round "?"]
[White "Toshkov, Tihomir"]
[Black "Kirov, Nino"]
[Result "1/2-1/2"]
[WhiteElo "2420"]
[BlackElo "2475"]

1.c4 Nf6 2.Nc3 d5 3.cxd5 Nxd5 4.d4 g6 5.e4 Nxc3 6.bxc3 Bg7 7.Nf3 c5 8.Rb1 O-O
9.Be2 cxd4 10.cxd4 Qa5+ 11.Bd2 Qxa2 12.O-O b6 13.Qc1 Qe6 14.Bc4 Qxe4 15.Bxf7+ Rxf7
16.Qxc8+ Rf8 17.Qc4+ e6 18.Rb5 Qc6 19.Qb3 Na6 20.Rc1 Qd7 21.Ne5 Bxe5 22.Rxe5 Nc7
23.Qg3 Rf7 24.h4 Kh8 25.h5 Rg8 26.Bf4 Qxd4 27.Re4 Qxe4 28.Be5+ Rgg7 29.h6 Kg8
30.hxg7 Ne8 31.Rc8 Qa4 32.Qd3 Rf5 33.Qd6 Rf7 34.Qd8 Re7 35.Bf6 Rxg7 36.Bxg7 Kxg7
37.g3 Kf7 38.Rb8 Qc6 39.Rc8 Qa4 40.Ra8 h5 41.Qb8 Kf8 42.Qe5 Kf7 43.Qh8 h4
44.Qh7+ Kf6 45.Qxh4+ Qxh4 46.gxh4 Nd6 47.Rxa7 b5 48.Kg2 Ke5 49.Kf3 Kd4 50.Ra6 Ke5
51.Kg4 Nf7 52.Rb6 Kf6 53.Rxb5 Nh6+ 54.Kh3 Nf5 55.Rb8 Nh6 56.Rf8+ Nf7 57.Kg3 Kg7
58.Ra8 Kf6 59.Ra3 Nh6 60.Rf3+ Kg7 61.Kf4 Kf6 62.Ke4+ Nf5 63.Rf4 Ke7 64.Ke5 Nh6
65.Rf3 Nf7+ 66.Kd4 Nh6 67.Kc5 Nf5 68.Rf4 Kf6 69.Re4 Ke7 70.Rg4 Kf6 71.Kc6 Nh6
72.Re4 Nf5 73.Kd7 Ng7 74.f3 Kf7 75.Ra4 Nf5 76.Rb4 Kf6 77.Ke8 e5 78.Kd7 Nd4
79.f4 Nf3 80.fxe5+ Nxe5+ 81.Kd6 Nf7+ 82.Kd5 Kf5 83.Rb1 Kg4 84.Rb4+ Kh5 85.Ke6 Nh6
86.Kf6 Ng4+ 87.Kg7 g5  1/2-1/2

[Event "OHRA-B"]
[Site "Amsterdam"]
[Date "1985.??.??"]
[Round "5"]
[White "Haik, Aldo"]
[Black "Lombardy, William James"]
[Result "1-0"]
[WhiteElo "2440"]
[BlackElo "2510"]

1.d4 Nf6 2.c4 g6 3.Nc3 d5 4.cxd5 Nxd5 5.e4 Nxc3 6.bxc3 Bg7 7.Bc4 O-O 8.Ne2 c5
9.O-O Nc6 10.Be3 Na5 11.Bd3 Bg4 12.Rb1 f5 13.exf5 cxd4 14.cxd4 Bxf5 15.Re1 b6
16.Nf4 Qd6 17.g3 Rad8 18.Rb5 Bxd3 19.Qxd3 e5 20.Nd5 Nc6 21.Qb3 Kh8 22.dxe5 Nxe5
23.Rd1 Nf3+ 24.Kg2 Qe6 25.Rb4 Rd7 26.Bf4 Ne5 27.Re4 Qf5 28.Re2 Qh5 29.Rdd2 Rdf7
30.h3 Nc6 31.Qc4 Na5 32.Qe4 Qf5 33.Qa4 g5 34.Bd6 Qf3+ 35.Kg1 Rg8 36.Re8 h6
37.Ne7 Rxe8 38.Qxe8+ Bf8 39.Ng6+ Kg7 40.Ne5  1-0

[Event "Balatonbereny op"]
[Site "Balatonbereny"]
[Date "1985.??.??"]
[Round "11"]
[White "Okhotnik, Vladimir"]
[Black "Barczay, Laszlo"]
[Result "0-1"]
[WhiteElo "2435"]
[BlackElo "2360"]

1.d4 Nf6 2.c4 g6 3.Nc3 d5 4.cxd5 Nxd5 5.e4 Nxc3 6.bxc3 Bg7 7.Nf3 c5 8.Rb1 O-O
9.Be2 Bg4 10.O-O Nc6 11.d5 Na5 12.Qc2 b6 13.c4 e5 14.h3 Bxf3 15.Bxf3 Rb8
16.Bg4 Qe7 17.Qa4 Ra8 18.Bd7 Rfd8 19.Bb5 Qc7 20.Qc2 a6 21.Ba4 Rab8 22.Bg5 f6
23.Bd2 Nb7 24.f4 Nd6 25.fxe5 fxe5 26.Bc6 Qe7 27.g3 Rf8 28.Kg2 h5 29.h4 Kh7
30.Bg5 Bf6 31.Be3 Bxh4 32.Rxb6 Rxb6 33.Rxf8 Qxf8 34.Bxc5 Bd8 35.Bxd6 Qxd6
36.c5 Rxc6 37.dxc6 Qxc6 38.Qc4 Kg7 39.Qc3 Qxe4+ 40.Kh2 h4  0-1

[Event "Budapest Elekes"]
[Site "Budapest"]
[Date "1985.??.??"]
[Round "?"]
[White "Danner, Georg"]
[Black "Doncevic, Dario"]
[Result "1/2-1/2"]
[WhiteElo "2415"]
[BlackElo "2340"]

1.d4 Nf6 2.c4 g6 3.Nc3 d5 4.cxd5 Nxd5 5.e4 Nxc3 6.bxc3 Bg7 7.Nf3 c5 8.Rb1 O-O
9.Be2 Nc6 10.d5 Bxc3+ 11.Bd2 Bxd2+ 12.Qxd2 Na5 13.h4 Bg4 14.h5 Bxf3 15.gxf3 e5
16.f4 exf4 17.hxg6 fxg6 18.d6 b6 19.Qd5+ Kg7 20.Rd1 f3 21.Ba6  1/2-1/2

[Event "BUL-FRA"]
[Site "?"]
[Date "1985.??.??"]
[Round "4"]
[White "Miralles, Gilles"]
[Black "Donchev, Dimitar I"]
[Result "0-1"]
[WhiteElo "2365"]
[BlackElo "2450"]

1.d4 Nf6 2.c4 g6 3.Nc3 d5 4.cxd5 Nxd5 5.e4 Nxc3 6.bxc3 Bg7 7.Nf3 c5 8.Rb1 O-O
9.Be2 Nc6 10.d5 Bxc3+ 11.Bd2 Bxd2+ 12.Qxd2 Na5 13.h4 Bg4 14.Qh6 Bxf3 15.gxf3 e5
16.dxe6 fxe6 17.h5 Qf6 18.hxg6 Qxg6 19.Qh2 Kh8 20.Qe5+ Qg7 21.Qxc5 Nc6 22.Rh3 Rf7
23.Rd1 Ne5 24.Rg3 Ng6 25.Qg5 Raf8 26.Qe3 b6 27.Bc4 Qf6 28.Rd6 Nf4 29.e5 Qh4
30.Kd2 Qh1 31.Rg4 b5 32.Bb3 Ng2 33.Qe2 Qh6+ 34.Kd1 Rxf3 35.Bxe6 Qh1+ 36.Kc2 Nf4
37.Qd1 Rxf2+ 38.Kc1  0-1

[Event "Capablanca mem-B"]
[Site "Cienfuegos"]
[Date "1985.??.??"]
[Round "5"]
[White "Garcia Gonzales, Guillermo"]
[Black "Lechtynsky, Jiri"]
[Result "1/2-1/2"]
[WhiteElo "2440"]
[BlackElo "2445"]

1.d4 Nf6 2.c4 g6 3.Nc3 d5 4.cxd5 Nxd5 5.e4 Nxc3 6.bxc3 Bg7 7.Ba3 Nd7 8.Rc1 c5
9.d5 Qa5 10.Qb3 O-O 11.Nf3 Nb6 12.Be2 a6 13.d6 Bd7 14.O-O Ba4 15.Qb2 Bc6
16.Nd2 Na4 17.Qb3  1/2-1/2

[Event "Copenhagen op"]
[Site "Copenhagen"]
[Date "1985.??.??"]
[Round "10"]
[White "Bjarnason, Saevar"]
[Black "Gruenberg, Rainer"]
[Result "1-0"]
[WhiteElo "2355"]
[BlackElo "2265"]

1.d4 Nf6 2.c4 g6 3.Nc3 d5 4.cxd5 Nxd5 5.e4 Nxc3 6.bxc3 Bg7 7.Nf3 O-O 8.Be2 c5
9.Rb1 Nc6 10.d5 Bxc3+ 11.Bd2 Bxd2+ 12.Qxd2 Na5 13.h4 Bg4 14.h5 Bxf3 15.gxf3 e6
16.Qh6 Qf6 17.hxg6 Qxg6 18.Qh2 Kh8 19.Kd2 f6 20.Rbg1 Qf7 21.dxe6 Qe7 22.Rg6 Rac8
23.Rh6 Rc7 24.Bb5 Rd8+ 25.Ke2 Nc6 26.Bxc6 bxc6 27.Rxh7+ Qxh7 28.Qxc7  1-0

[Event "Dresden"]
[Site "Dresden"]
[Date "1985.??.??"]
[Round "1"]
[White "Knaak, Rainer"]
[Black "Gauglitz, Gernot"]
[Result "1/2-1/2"]
[WhiteElo "2525"]
[BlackElo "2365"]

1.d4 Nf6 2.c4 g6 3.Nc3 d5 4.cxd5 Nxd5 5.e4 Nxc3 6.bxc3 Bg7 7.Bc4 c5 8.Ne2 cxd4
9.cxd4 Nc6 10.Be3 O-O 11.O-O Bg4 12.f3 Na5 13.Bd3 Be6 14.d5 Bxa1 15.Qxa1 f6
16.Rb1 Bd7 17.e5 Bf5 18.Bxf5 gxf5 19.exf6 Rxf6 20.Nf4 b6 21.Bd4 Rf7 22.Rc1 Qd6
23.Be5 Qb4 24.h3 b5 25.Kh2 Nc4 26.Qd4 a5 27.Nd3 Qd2 28.Rxc4 bxc4 29.Qxc4 Qe3
30.Ba1 Qh6 31.Ne5 Qd6 32.f4 Qb4 33.Qc1 Qe4 34.Nc6 h6 35.Qd2 a4 36.a3 Rc8
37.Be5 Kh7 38.Qa2 Rff8 39.Qd2 Rg8 40.Qf2 Rxc6 41.dxc6 Qxc6 42.Qa2 Qg6 43.Qf2 h5
44.Ba1 Kh6 45.Be5 Rd8 46.Bd4 Qe6 47.Bc5 Rd3 48.Qh4 Qf6 49.Qe1 Rd7 50.Bf2 Qd6
51.Qe3 Rb7 52.Qc3 Qf6 53.Bd4  1/2-1/2

[Event "Dresden"]
[Site "Dresden"]
[Date "1985.??.??"]
[Round "5"]
[White "Kochyev, Alexander"]
[Black "Chekhov, Valery A"]
[Result "1/2-1/2"]
[WhiteElo "2465"]
[BlackElo "2495"]

1.c4 Nf6 2.d4 g6 3.Nc3 d5 4.cxd5 Nxd5 5.e4 Nxc3 6.bxc3 Bg7 7.Bc4 c5 8.Ne2 cxd4
9.cxd4 Nc6 10.Be3 O-O 11.O-O Bg4 12.f3 Na5 13.Bd5 Bd7 14.Rb1 a6 15.Bxb7 Ra7
16.Bd5 e6 17.Bb3 Nxb3 18.axb3 Bb5 19.Rf2 Rd7 20.Rb2 Bxe2 21.Rbxe2 Bxd4 22.Bxd4 Rxd4  1/2-1/2

[Event "NOR-ch"]
[Site "Gausdal"]
[Date "1985.??.??"]
[Round "4"]
[White "Ostenstad, Berge"]
[Black "Bergstad, Odd Oyvind"]
[Result "1-0"]
[WhiteElo "2365"]
[BlackElo "2280"]

1.d4 Nf6 2.c4 g6 3.Nc3 d5 4.cxd5 Nxd5 5.e4 Nxc3 6.bxc3 Bg7 7.Bc4 c5 8.Ne2 Nc6
9.Be3 O-O 10.O-O Qc7 11.Rc1 Rd8 12.Qd2 a6 13.f4 b5 14.Bd5 e6 15.Bb3 Na5 16.Qe1 Nxb3
17.axb3 cxd4 18.Bxd4 Bxd4+ 19.Nxd4 Bb7 20.f5 exf5 21.exf5 Re8 22.Qd2 Qc5
23.b4 Qd5 24.Rf2 Re4 25.Rcf1 Rae8 26.fxg6 hxg6 27.Rxf7 Qxf7 28.Rxf7 Kxf7
29.Qh6 R8e7 30.Qh7+ Kf6 31.Qh8+ Kf7 32.Nf3 Rg4 33.Qh3 Rf4 34.Qh7+ Kf6 35.Qh8+ Ke6
36.Qe5+  1-0

[Event "Hastings8586"]
[Site "Hastings"]
[Date "1985.??.??"]
[Round "4"]
[White "Bellon Lopez, Juan Manuel"]
[Black "Conquest, Stuart"]
[Result "1-0"]
[WhiteElo "2445"]
[BlackElo "2350"]

1.d4 Nf6 2.c4 g6 3.Nc3 d5 4.cxd5 Nxd5 5.e4 Nxc3 6.bxc3 Bg7 7.Bc4 c5 8.Ne2 O-O
9.O-O Nc6 10.Be3 Qc7 11.Rc1 Rd8 12.f4 Bg4 13.f5 gxf5 14.h3 Bh5 15.Rxf5 Bg6
16.Rf2 e6 17.Bd3 Qe7 18.Qa4 a6 19.Bb1 cxd4 20.cxd4 b5 21.Qd1 Rac8 22.Kh1 Na5
23.d5 Nc4 24.Bd4 e5 25.Ba1 Qh4 26.Rf3 Bh5 27.Rcc3 Bxf3 28.Rxf3 Bh6 29.Rg3+ Kh8
30.Qf1 Rg8 31.Rxg8+ Kxg8 32.Bc3 Nd6 33.Bxe5 Nxe4 34.Qf5 Nf2+ 35.Kh2 Ng4+
36.Qxg4+ Qxg4 37.hxg4 Re8 38.Bf4 Bxf4+ 39.Nxf4 Re1 40.Bf5 Rd1 41.Nd3  1-0

[Event "URS-ch U26"]
[Site "Lvov"]
[Date "1985.??.??"]
[Round "?"]
[White "Glek, Igor V"]
[Black "Kruppa, Yuri"]
[Result "1-0"]
[WhiteElo "2405"]
[BlackElo "2460"]

1.d4 Nf6 2.c4 g6 3.Nc3 d5 4.cxd5 Nxd5 5.e4 Nxc3 6.bxc3 Bg7 7.Be3 b6 8.h4 Bb7
9.e5 c5 10.h5 cxd4 11.cxd4 Qd5 12.Nf3 Nc6 13.Rc1 Na5 14.Qa4+ Bc6 15.Rxc6 Nxc6
16.h6 O-O 17.hxg7 Rfd8 18.Be2 Rac8 19.O-O Na5 20.Nd2 Qc6 21.Qa3 Qd7 22.Nf3 Rc2
23.Bd3 Rc7 24.Ng5 Qg4 25.e6 Kxg7 26.f3 Qh4 27.exf7 Rd6 28.d5 Nc4 29.Qc3+ Rf6
30.Ne6+ Kxf7 31.Bg5  1-0

[Event "URS-chI"]
[Site "Minsk"]
[Date "1985.??.??"]
[Round "1"]
[White "Rashkovsky, Nukhim N"]
[Black "Gulko, Boris F"]
[Result "1-0"]
[WhiteElo "2410"]
[BlackElo "2475"]

1.d4 Nf6 2.c4 g6 3.Nc3 d5 4.cxd5 Nxd5 5.e4 Nxc3 6.bxc3 Bg7 7.Bc4 Nc6 8.Ne2 Na5
9.Bd3 b6 10.O-O Bb7 11.Bg5 Qd7 12.Qd2 O-O-O 13.Rab1 h6 14.Be3 f5 15.f3 e6
16.c4 Kb8 17.d5 Qa4 18.Rfc1 Rhe8 19.Nc3 Bxc3 20.Qxc3 g5 21.c5 fxe4 22.Bb5 Qxa2
23.Bxe8 Rxe8 24.c6 Bc8 25.d6 cxd6 26.Bxb6 axb6 27.Qb4 exf3 28.Qxb6+ Bb7 29.gxf3 Rc8
30.c7+  1-0

[Event "URS-chI"]
[Site "Minsk"]
[Date "1985.??.??"]
[Round "2"]
[White "Balashov, Yuri S"]
[Black "Kengis, Edvins"]
[Result "1-0"]
[WhiteElo "2510"]
[BlackElo "2430"]

1.d4 Nf6 2.c4 g6 3.Nc3 d5 4.cxd5 Nxd5 5.e4 Nxc3 6.bxc3 Bg7 7.Bc4 c5 8.Ne2 Nc6
9.Be3 O-O 10.O-O Qc7 11.Rc1 Rd8 12.Bf4 Qd7 13.d5 Na5 14.Bb3 c4 15.Bc2 e6
16.dxe6 fxe6 17.Bg5 Rf8 18.f4 e5 19.f5 Qxd1 20.Rcxd1 b6 21.Be7 Re8 22.Bb4 Rf8
23.Bxf8 Bxf8 24.Kh1 Bb7 25.fxg6 hxg6 26.Rf6 Kg7 27.Rdf1 Rd8 28.Ng1 Bc5 29.Rf7+ Kg8
30.Nh3 Rd2 31.Bb1 Be3 32.Rf8+  1-0

[Event "URS-chI"]
[Site "Minsk"]
[Date "1985.??.??"]
[Round "10"]
[White "Gorelov, Sergey G"]
[Black "Mikhalchishin, Adrian"]
[Result "1-0"]
[WhiteElo "2430"]
[BlackElo "2505"]

1.d4 Nf6 2.c4 g6 3.Nc3 d5 4.cxd5 Nxd5 5.e4 Nxc3 6.bxc3 Bg7 7.Bc4 c5 8.Ne2 O-O
9.O-O Nc6 10.Be3 Qc7 11.Rc1 Rd8 12.Bf4 Qd7 13.d5 Na5 14.Bb3 b5 15.Be3 Qd6
16.c4 Nxb3 17.axb3 Rb8 18.Nf4 Bh6 19.e5 Qxe5 20.Nxg6 hxg6 21.Bxh6 bxc4 22.bxc4 Rb2
23.Re1 Qd6 24.Qa4 Ba6 25.Ra1 Rb6 26.Bg5 Rd7 27.Qc2 Qc7 28.Ra3 Qb8 29.Rae3 Rb4
30.Re6 Qc8 31.Rxg6+ fxg6 32.Qxg6+ Kh8 33.Bf6+  1-0

[Event "Moscow"]
[Site "Moscow"]
[Date "1985.??.??"]
[Round "?"]
[White "Polugaevsky, Lev"]
[Black "Tukmakov, Vladimir B"]
[Result "1/2-1/2"]
[WhiteElo "2625"]
[BlackElo "2570"]

1.d4 Nf6 2.c4 g6 3.Nc3 d5 4.cxd5 Nxd5 5.e4 Nxc3 6.bxc3 Bg7 7.Bc4 c5 8.Ne2 O-O
9.O-O Qc7 10.Be3 Nc6 11.Rc1 Rd8 12.Bf4 Qd7 13.d5 Na5 14.Bd3 e5 15.Be3 b6
16.f4 exf4 17.Bxf4 Qe7 18.Qd2 Bg4 19.Ng3 c4 20.Be2 Bxe2 21.Qxe2 Nb7 22.Rcd1 Be5
23.Bxe5 Qxe5 24.Qxc4 Nd6 25.Qd4 Re8 26.Rf6 Nxe4 27.Nxe4 Qxe4 28.Qf2 Qe2 29.Rd2 Qxf2+
30.Kxf2 Rac8 31.Rc6 Rxc6 32.dxc6  1/2-1/2

[Event "Moscow"]
[Site "Moscow"]
[Date "1985.??.??"]
[Round "?"]
[White "Razuvaev, Yuri S"]
[Black "Ftacnik, Lubomir"]
[Result "1/2-1/2"]
[WhiteElo "2520"]
[BlackElo "2545"]

1.d4 Nf6 2.c4 g6 3.Nc3 d5 4.cxd5 Nxd5 5.e4 Nxc3 6.bxc3 Bg7 7.Bc4 c5 8.Ne2 O-O
9.O-O Nc6 10.Be3 cxd4 11.cxd4 Bg4 12.f3 Na5 13.Bb3 Bd7 14.Rb1 e6 15.Qd2 Bb5
16.Rfd1 Nxb3 17.axb3 Rc8 18.Nc3 Bd7 19.e5 Bc6 20.b4 a6 21.b5 axb5 22.Nxb5 Ra8
23.Nd6 f6 24.Bh6 Bxh6 25.Qxh6 Ra2 26.Rdc1 Ra7 27.Qe3 fxe5 28.dxe5 Qa8 29.Rb2 Ra3
30.Qd4 Ra4  1/2-1/2

[Event "Moscow-B"]
[Site "Moscow"]
[Date "1985.??.??"]
[Round "?"]
[White "Spassov, Liuben"]
[Black "Tseshkovsky, Vitaly"]
[Result "0-1"]
[WhiteElo "2415"]
[BlackElo "2470"]

1.d4 Nf6 2.c4 g6 3.Nc3 d5 4.cxd5 Nxd5 5.e4 Nxc3 6.bxc3 Bg7 7.Be3 c5 8.Rc1 O-O
9.Qd2 Nd7 10.d5 Nf6 11.f3 e6 12.c4 Re8 13.Ne2 b6 14.Nc3 Ba6 15.Be2 Nd7 16.O-O Ne5
17.Nd1 exd5 18.cxd5 Bxe2 19.Qxe2 f5 20.Nf2 fxe4 21.fxe4 Qd7 22.h3 Rac8 23.Qd2 Nf7
24.Rce1 Re7 25.Re2 Rce8 26.Rfe1 h6 27.Kh1 g5 28.Qc2 Ne5 29.Bc1 Rf7 30.Bb2 Ref8
31.Kg1 Qc7 32.Nd3 Nxd3 33.Qxd3 c4 34.Qe3 c3 35.Ba3 Qc4 36.Qg3 Qd4+ 37.Qe3 Qa4
38.Qc1 Re8 39.Bd6 Qd4+ 40.Kh1 b5 41.Qc2 Be5 42.Bxe5 Rxe5 43.Re3 b4 44.Qe2 Kg7
45.Rf3 Rfe7 46.Qa6 Rxd5 47.Ref1 Rd6 48.Qc8 Rd8 49.Qf5 Qxe4 50.Qf6+ Kh7 51.Qa6 Qe6
52.Qa5 Qb6 53.Rf7+ Rxf7 54.Rxf7+ Kg8 55.Qf5 Rd1+ 56.Kh2 Qd6+  0-1

[Event "Naleczow"]
[Site "Naleczow"]
[Date "1985.??.??"]
[Round "8"]
[White "Lukacs, Peter"]
[Black "Tomaszewski, Roman"]
[Result "1/2-1/2"]
[WhiteElo "2465"]
[BlackElo "2410"]

1.d4 Nf6 2.c4 g6 3.Nc3 d5 4.cxd5 Nxd5 5.e4 Nxc3 6.bxc3 Bg7 7.Bc4 c5 8.Ne2 cxd4
9.cxd4 Nc6 10.Be3 O-O 11.O-O Bg4 12.f3 Na5 13.Bd3 Be6 14.d5 Bxa1 15.Qxa1 f6
16.Rb1 Kg7 17.Qc3 Bf7 18.Qd2 Kh8 19.Bd4 Kg7 20.g4 b6 21.g5 Rc8 22.gxf6+  1/2-1/2

[Event "JUG-ch"]
[Site "Novi Sad"]
[Date "1985.??.??"]
[Round "?"]
[White "Redzepagic, Rolando"]
[Black "Filipovic, Branko"]
[Result "1/2-1/2"]
[WhiteElo "2300"]
[BlackElo "2395"]

1.d4 Nf6 2.c4 g6 3.Nc3 d5 4.cxd5 Nxd5 5.e4 Nxc3 6.bxc3 Bg7 7.Nf3 c5 8.Rb1 O-O
9.Be2 Qa5 10.O-O Qxa2 11.Bg5 Qe6 12.e5 Rd8 13.Qa4 Qc6 14.Qb3 Be6 15.c4 cxd4
16.Bxe7 Rc8 17.Qa3 Qd7 18.Rfd1  1/2-1/2

[Event "Nordic-chT"]
[Site "Pohja"]
[Date "1985.??.??"]
[Round "?"]
[White "Wiedenkeller, Michael"]
[Black "Pirttimaki, Timo"]
[Result "1-0"]
[WhiteElo "2465"]
[BlackElo "2325"]

1.d4 Nf6 2.c4 g6 3.Nc3 d5 4.cxd5 Nxd5 5.e4 Nxc3 6.bxc3 Bg7 7.Nf3 c5 8.Be3 Qa5
9.Qd2 cxd4 10.cxd4 Qxd2+ 11.Kxd2 O-O 12.Rc1 f5 13.exf5 Bxf5 14.Rc7 Nc6 15.Rxb7 Be4
16.Bc4+ Kh8 17.Rd7 Bxf3 18.gxf3 Rfd8 19.Rxd8+ Rxd8 20.d5 Ne5 21.Bb3 Nxf3+
22.Kd3 a5 23.Ke4 Ne5 24.Bc5 Nf7 25.Rc1 Nd6+ 26.Kd3 Rb8 27.Ba3 Bf6 28.Rc6 a4
29.Bc2 Nf7 30.Rc7 Rd8 31.Rc5 e6 32.Bxa4 Ra8 33.dxe6 Rxa4 34.Rc8+ Nd8 35.Bb2  1-0

[Event "Rubinstein mem"]
[Site "Polanica Zdroj"]
[Date "1985.??.??"]
[Round "2"]
[White "Gruenberg, Hans Ulrich"]
[Black "Donchev, Dimitar I"]
[Result "1/2-1/2"]
[WhiteElo "2455"]
[BlackElo "2450"]

1.d4 Nf6 2.c4 g6 3.Nc3 d5 4.cxd5 Nxd5 5.e4 Nxc3 6.bxc3 Bg7 7.Bc4 Qd7 8.Nf3 O-O
9.O-O c5 10.Be3 cxd4 11.cxd4 b6 12.Rc1 Ba6 13.Qb3 Bxc4 14.Qxc4 Qb7 15.d5 Na6
16.Nd4 Rac8 17.Nc6 Rc7 18.Qb5 Rd7 19.Rfd1 h6 20.Rd3 Ra8 21.Rb3 Nc7 22.Qc4 e6
23.Rd3 exd5 24.exd5 Ne8 25.Qh4 Nd6 26.Qa4 Re8 27.Rd4 b5 28.Qb4  1/2-1/2

[Event "Rubinstein mem"]
[Site "Polanica Zdroj"]
[Date "1985.??.??"]
[Round "13"]
[White "Gruenberg, Hans Ulrich"]
[Black "Stohl, Igor"]
[Result "1/2-1/2"]
[WhiteElo "2455"]
[BlackElo "2445"]

1.d4 Nf6 2.c4 g6 3.Nc3 d5 4.cxd5 Nxd5 5.e4 Nxc3 6.bxc3 Bg7 7.Bc4 O-O 8.Be3 c5
9.Ne2 Nc6 10.O-O cxd4 11.cxd4 Bg4 12.f3 Na5 13.Bd5 Bd7 14.Rb1 a6 15.Bxb7 Ra7
16.Bd5 Bb5 17.a4 Bxe2 18.Qxe2 e6 19.Bc4 Bxd4 20.Rfd1  1/2-1/2

[Event "DSV-Turnier"]
[Site "Potsdam"]
[Date "1985.??.??"]
[Round "1"]
[White "Gruenberg, Hans Ulrich"]
[Black "Ghinda, Mihail Viorel"]
[Result "1/2-1/2"]
[WhiteElo "2455"]
[BlackElo "2475"]

1.d4 Nf6 2.c4 g6 3.Nc3 d5 4.cxd5 Nxd5 5.e4 Nxc3 6.bxc3 Bg7 7.Nf3 c5 8.Rb1 O-O
9.Be2 Qa5 10.O-O Qxa2 11.Bg5 Qe6 12.e5 Rd8 13.Qa4 Qc6 14.Qb3 Be6 15.c4 cxd4
16.Bxe7 Rc8 17.Nxd4 Bxc4 18.Nxc6 Bxb3 19.Nxb8 Be6 20.Bd6 Bf8 21.Bf3 Bxd6
22.Bxb7 Bxb8 23.Bxa8 Bxe5 24.Bb7 Rc2 25.Rfc1 Ra2 26.Bc8 Bxc8 27.Rxc8+ Kg7
28.Rbc1 a5 29.R8c2 Ra3 30.g3 a4 31.Re1 Bf6 32.Re4 Ra1+ 33.Kg2 a3 34.Ra4 Be7
35.Rc7 Re1 36.Raa7 Kf8 37.Rc8+ Kg7 38.Rcc7 Kf8 39.g4 g5 40.Rc8+ Kg7 41.Rcc7 Kf8
42.Rc8+ Kg7 43.Re8 Bc5 44.Rxe1 Bxa7 45.Re4 Bc5 46.Kf3 h6 47.h3 Bd6 48.Ra4 Be7
49.Ke4 Bc5 50.f3 Bf8 51.Kd5 Be7 52.Ra6 Bf8 53.Kc6 Kf6 54.Kd7+ Kg7 55.Kd8 Kh7
56.Ra4 Kg8 57.Kd7 Bc5 58.Rc4 Bf8 59.Ke8 Bg7 60.Ra4 Bb2 61.Ra7 h5 62.gxh5 Kg7
63.Ra6 f6 64.Ra8 Kh6 65.Kf7 f5 66.Ke6 Kxh5 67.Kxf5 Kh4 68.Ra4+ Kg3 69.Kxg5 Kxf3  1/2-1/2

[Event "DSV-Turnier"]
[Site "Potsdam"]
[Date "1985.??.??"]
[Round "7"]
[White "Knaak, Rainer"]
[Black "Kirov, Nino"]
[Result "1/2-1/2"]
[WhiteElo "2530"]
[BlackElo "2435"]

1.d4 Nf6 2.c4 g6 3.Nc3 d5 4.cxd5 Nxd5 5.e4 Nxc3 6.bxc3 Bg7 7.Bc4 c5 8.Ne2 O-O
9.O-O Nc6 10.Be3 cxd4 11.cxd4 Na5 12.Bd3 Nc6 13.Bb5 Bd7 14.Rb1 e6 15.Bd3 Bc8
16.e5 b6 17.Be4 Bb7 18.Ng3 Qd7 19.Qg4 Rac8 20.h4 Ne7 21.Bxb7 Qxb7 22.h5 Nf5
23.Nxf5 exf5 24.Qg3 Rc3 25.Rbc1 Rfc8 26.Rxc3 Rxc3 27.Rd1 Bh6 28.Qh4 Bxe3
29.fxe3 Qe4 30.Qxe4 fxe4 31.Kf2 Kf8 32.Rd2 Ke7 33.Re2 f6 34.exf6+ Kxf6 35.hxg6 hxg6
36.Rb2 Ra3 37.Ke2 Kf5 38.Rb5+ Kg4 39.Re5 Rxa2+ 40.Kf1 Ra1+ 41.Kf2 Ra2+ 42.Kf1  1/2-1/2

[Event "Poznan"]
[Site "Poznan"]
[Date "1985.??.??"]
[Round "10"]
[White "Novikov, Igor A"]
[Black "Danailov, Silvio"]
[Result "1-0"]
[WhiteElo "2460"]
[BlackElo "2440"]

1.d4 Nf6 2.c4 g6 3.Nc3 d5 4.cxd5 Nxd5 5.e4 Nxc3 6.bxc3 Bg7 7.Nf3 c5 8.Rb1 O-O
9.Be2 Nc6 10.d5 Bxc3+ 11.Bd2 Bxd2+ 12.Qxd2 Na5 13.h4 Bg4 14.h5 Bxf3 15.gxf3 e5
16.hxg6 fxg6 17.d6 Rf6 18.Qd5+ Kh8 19.Qxe5 b6 20.Rd1 Nc6 21.Qd5 Nd4 22.e5 Rf5
23.Rxd4 cxd4 24.Bd3 Rc8 25.Bxf5 Rc1+ 26.Ke2 Rxh1 27.e6 Qf6 28.d7 d3+ 29.Qxd3 Qb2+
30.Qd2 Qb5+ 31.Bd3 Qe5+ 32.Be4 Qb5+ 33.Ke3 Qg5+ 34.f4 Rh3+ 35.f3 Qg1+ 36.Kd3 Qf1+
37.Kc3  1-0

[Event "Prague zt"]
[Site "Prague"]
[Date "1985.??.??"]
[Round "1"]
[White "Schmidt, Wlodzimierz"]
[Black "Jansa, Vlastimil"]
[Result "1/2-1/2"]
[WhiteElo "2475"]
[BlackElo "2465"]

1.d4 Nf6 2.c4 g6 3.Nc3 d5 4.cxd5 Nxd5 5.e4 Nxc3 6.bxc3 Bg7 7.Nf3 c5 8.Rb1 O-O
9.Be2 Nc6 10.d5 Ne5 11.Nxe5 Bxe5 12.Qd2 e6 13.f4 Bg7 14.c4 exd5 15.cxd5 Bd4
16.Bb2 Qh4+ 17.g3 Qe7 18.Bxd4 Qxe4 19.Kf2 cxd4 20.Bf3 Qf5 21.Rhd1 d3 22.Rbc1 Bd7
23.Qxd3 Qxd3 24.Rxd3 Rfc8 25.Rxc8+ Rxc8 26.Ra3 a6 27.d6 Bc6 28.Bxc6 Rxc6
29.Rd3 Rc8 30.Rb3 Rd8 31.Rb6 Kg7 32.Ke3 Kf6 33.d7+ Ke7 34.Rxb7 Rxd7 35.Rxd7+ Kxd7
36.Kd4 Kd6 37.g4 h6 38.h4 h5 39.gxh5 gxh5 40.Ke4 Ke6 41.f5+ Kd6 42.Kd4 f6
43.a3 Kc6 44.Kc4 Kd6 45.Kd4  1/2-1/2